01404 2200229 4500001002100000005001500021035002000036245003400056100001800090300002600108260003000134082001100164084001700175020002200192650001700214520083100231008004101062700001401103990001901117990001901136990001901155INLIS00000000001474920250811024225 a0010-08250000141 aMikrobiologi /cMades Fifendy0 aMades Fifendy axiii, 224 hlm.; 21 cm aJakarta :bKencana,c2017 a616.01 a616.01 MAD m a978-602-442-072-2 aMikrobiologi aBuku ini berisikan kajian tentang mikrobiologi, seperti konsep-konsep mikroorgarnsme, bentuk morfologi dan anatomi sel, cara reproduksi, macam-macam mikroorganisme seperti bakten, virus dan jamur. Dalam buku ini dibahas tentang enzim, metabolisme, nutrisi, pertumbuhan, faktor lingkungan, pengendalian asosiasi, genetika dan respons imun dari mikroorganisme. Buku ini juga dilengkapi dengan gambar dan tabel untuk mempertajam penjelasan-penjelasan yang diberikan serta memperindah tampilannya. Buku ini juga merujuk kepada berbagai sumber, seperti buku-buku Biologi dan Mikrobiologi yang merujuk kepada berbagai sumber, seperti buku-buku Biologi dan Mikrobiologi yang menjadi bahasan pada tingkat internasional sebagai referensinya. Semua ini diharapkan dapat meningkatkan minat membaca dan memperkaya ilmu pada penggunaannya.250811 e 0 ind 0 aM. Biomed a025.3832/PC/25 a025.3833/PC/25 a025.3834/PC/25